000 00629nam a2200217Ia 4500
003 OSt
005 20220923221607.0
006 a|||||r|||| 00| 0
007 ta
008 220922b |||||||| |||| 00| 0 hin d
024 _a198,386
037 _cTextual
040 _aARTS
_cARTS
_bhin
041 _2hin
_ahin
082 _aP152:2:3, 152J0
100 _aतिवारी, भोलानाथ
_9156271
245 0 _aशब्दों का जीवन
246 _aShabdoan kā jīvana
942 _hP152:2:3, 152J0
_cTEXL
_2CC
999 _c350232
_d350232